03088nam a2200301 a 4500001001000000005001700010008004100027041000800068044000700076084002100083100004500104245008100149260004200230300001700272440002700289500030800316500009600624500163400720500007502354500005302429500001102482650005202493650005602545650003402601650004502635700005602680740005002736BRCA_281620190320204001.0091208s1911----sp-#---###---#000-0#spa-u aspa asp a260b.L438c19111 aCervantes Saavedra, Miguel ded1547-161610aEl Ingenioso Hidalgo Don Quijote de la ManchacMiguel de Cervantes Saavedra. aMadridbEdiciones de la Lecturac1911 a8 v.c24 cm. 0aClásicos castellanos aContenido : v 1. Primera parte. Prólogo de F. Rodríguez Marín. Dedicatoria del autor. Prólogo del autor. Versos preliminares. Texto. -- v 2. Texto. -- v 3. Texto. -- v 4. Texto. -- v 5. Segunda parte. Dedicatoria del autor. Prólogo del autor. Texto. -- v 6. Texto. -- v 7. Texto. -- v 8. Texto aEdición : Edición y notas de Francisco Rodríguez Marín de la R. Academia Española aOtra de las más notables ediciones publicadas hasta esos días. Rodríguez Marín, uno de los más prominentes cervantistas españoles, tanto por su vasta erudición como por la amplitud de sus estudios y ocupaciones -decicó 40 años a la indagación cervantina, fue abogado, periodista, poeta, investigador, director de la Biblioteca Nacional, y crítico literario- aportó mucho al esclarecimineto de las minucias históricas y literarias de la época filipina con sus prolijas notas. Por otra parte, contribuyó no poco a la aclaración de ciertos aspectos de la vida de Cervantes con el descubrimiento de numerosos documentos nuevos. El texto de su edición fue durante mucho tiempo considerado como el más depurado. Mas, últimamente se le critica de haber incurrido con frecuencia en los mismos errores que reprochaba a sus predecesores, sobre todo, a Clemencín. Además, como conservador, aunque moderado y serio, se fijaba mucho más en la letra que en el espíritu y contenido de la novela, habiéndola considerando como mero libro de entretenimiento y buen decir. Su conservadurismo se manifiesta en su afirmación, según la cual, la Inquisición prácticamente no habría tocado la obra, a pesar de que el Santo Oficio portugués -a la sazón dependiente del español por formar parte Portugal del Imperio de los Austrias- había mandado expurgar por lo menos doce pasajes, la mayoría de los cuales eran poco respetuosos para con la Iglesia católica y sus ministros. La impresión hecha sobre el papel pluma, con tipos finos y claros, es excelente. Rústica Lúdovik Osterc aEstado físico : La encuadernación del primer volúmen es de papel aExistencias : Ejemplar numerado con el folio 117 aQM116914aNovela españolayÉpoca clásica, 1500-170014aLiteratura españolayÉpoca clásica, 1500-170014aNovela españolaySiglo XVII14aDon Quijote (Personaje ficticio)eNovela1 aRodríguez Marín, Franciscod1855-1945eAnotador0 aEl Ingenioso Hidalgo Don Quijote de la Mancha